Normal view
MARC view
Entry Topical Term
001 - CONTROL NUMBER
- control field: 13007
003 - CONTROL NUMBER IDENTIFIER
- control field: BD-RjUL
005 - DATE AND TIME OF LATEST TRANSACTION
- control field: 20240514125508.0
008 - FIXED-LENGTH DATA ELEMENTS
- fixed length control field: 240514|| aca||aabn | a|a d
040 ## - CATALOGING SOURCE
- Original cataloging agency: BD-RjUL
- Transcribing agency: BD-RjUL
150 ## - HEADING--TOPICAL TERM
- Topical term or geographic name entry element: Pakistan
- General subdivision: Politics and Government
670 ## - SOURCE DATA FOUND
- Source citation: Work cat.: (BD-RjUL)83740: রেজা, শাহ আহমদ 13005, ভাসানীর কাগমারী সম্মেলন ও স্বায়ত্তশাসনের সংগ্রাম /, ১৯৮৬